000 00857cam a2200265 a 4500
001 ocn773811620
003 OSt
005 20150504125019.0
008 120123s2013 nyu frb 001 0 eng
020 _a9780415801249 (hbk)
020 _a9780415801256 (pbk)
040 _aDLC
_beng
_cDLC
_dYDX
_dCDX
_dOCLCO
_dYDXCP
_dBWX
_dEG-ScBUE
082 0 4 _a302.23
_bMED
_222
245 0 4 _aThe media studies reader /
_cedited by Laurie Ouellette.
260 _aNew York ;
_aAbingdon, England :
_bRoutledge / Taylor & Francis Group,
_c2013.
300 _ax, 605 p. ;
_c26 cm.
500 _aIndex : p. 601-605.
504 _aIncludes bibliographical references.
650 7 _aMass media.
_2BUEsh
_99699
651 _2BUEsh
653 _bCOMAME
_cApril2015
655 _vreading book
_934232
700 1 _aOuellette, Laurie,
_eeditor.
_937825
942 _2ddc
_k302.23 MED
_m
999 _c19247
_d19219